| 000 | 00617nam a2200157Ia 4500 | ||
|---|---|---|---|
| 008 | 260210s9999 xx 000 0 und d | ||
| 024 | _a19B-024-CS, 19B-058-CS, 19B-062-CS, 19B-067-CS, & 19B-070-CS | ||
| 082 | _a006.072 AHM | ||
| 100 | _aMuhib Ahmed, Syed Muhammad Ali, Izhan Ali Khan, Muhammad Aman, & Saaib Abu Al Hakam | ||
| 110 | _aNasir-ud-Din | ||
| 245 | 0 | _aAI Moveset | |
| 260 |
_aKarachi: _bUITU, _c2019 |
||
| 600 | _aComputer Science | ||
| 650 | _aBachelor of Computer Science (BS) | ||
| 856 |
_uhttps://drive.google.com/file/d/1B5624TyTvlq8iMPZ-li6IiZ-3B0RhzMC/view?usp=sharing _yClick here for PDF |
||
| 999 |
_c32502 _d32502 |
||